Riešenie úloh teórie pravdepodobnosti metódou Monte Carlo bakalárska práca

Saved in:
Bibliographic Details
Main Author: Sládečková, Oľga
Corporate Author: Fakulta hospodárskej informatiky EU. Katedra matematiky a aktuárstva
Other Authors: Fecenko, Jozef
Format: Book
Language:Slovak
Published: Bratislava 2014
Tags: Add Tag
No Tags, Be the first to tag this record!

MARC

LEADER 00000nbm a2200000 4500
001 0189890
005 20170201112644.3
041 0 |a slo 
044 |a SK 
245 1 0 |a Riešenie úloh teórie pravdepodobnosti metódou Monte Carlo  |b bakalárska práca  |c Oľga Sládečková ; školiteľ: Jozef Fecenko 
264 1 |a Bratislava  |c 2014 
300 |a 44 s. 
100 1 |a Sládečková, Oľga 
700 1 |a Fecenko, Jozef 
710 2 |a Fakulta hospodárskej informatiky EU. Katedra matematiky a aktuárstva